| 000 | 00358nam a22001217a 4500 | ||
|---|---|---|---|
| 082 | _a220 PRO | ||
| 100 |
_aKHURRAM,SARIM,UZAIR _972011 |
||
| 245 | _aPR-SOF-1261-DESIGN AND FABRICATION OF MULTI TERRAIN MOBILE PLATFORM | ||
| 260 |
_aISLAMABAD _bNUST COLLEGE OF EME _c2013 |
||
| 650 |
_aDE-MECH-31 _972012 |
||
| 700 | _aSUPERVISOR DR AAMER A BAQAI | ||
| 942 | _cCR | ||
| 999 |
_c578235 _d578235 |
||